Česko-bulharské rozhovory.

Uložené v:
Podrobná bibliografia
Hlavný autor: Draganov, Nedjalko Ivanov, 1915-1977
Médium: Kniha
Jazyk:Slovak
Vydané: 1965.
Tagy: Pridať tag
Žiadne tagy, Buďte prvý kto otaguje tento záznam!

MARC

LEADER 00000nam a22000004a 4500
001 000544021
005 20170605160538.0
008 170605s1965 xo e 000 0 slo d
040 |a SVKKK  |b slo  |c SVKKK  |e AACR2 
100 1 |a Draganov, Nedjalko Ivanov,  |d 1915-1977 
245 1 0 |a Česko-bulharské rozhovory. 
260 |c 1965. 
500 |a Záznam revízie 
910 |a svkkk 
998 |a BK 
090 |g SCKHL  |k Sklad Hlavná 10 suterén  |a I.29270  |j 352771  |i 2720413482  |s Absenčne 
090 |g SCKHL  |k Sklad Hlavná 10 suterén  |a I.29331  |j 361999  |i 2720413524  |s Absenčne